[Event "CRI-ch 67th"]
[Site "Cenfotec"]
[Date "2003.06.24"]
[Round "10"]
[White "Minero Pineda, Sergio"]
[Black "Granados, Carlos"]
[Result "1-0"]
[WhiteElo "2426"]
[BlackElo "2253"]
[PlyCount "91"]
[EventDate "2003.06.13"]
[EventType "swiss"]
[EventRounds "11"]
[EventCountry "CRI"]
[SourceTitle "CBM 094 Extra"]
[Source "ChessBase"]
[SourceDate "2003.07.09"]
[SourceVersion "2"]
[SourceVersionDate "2003.07.09"]
[SourceQuality "1"]

1. Nf3 Nf6 2. c4 g6 3. g3 Bg7 4. Bg2 0-0 5. d4 d6 6. Nc3 Nbd7 7. 0-0 e5 8. h3 c6 9. e4 Ne8 10. Be3 Qe7 11. Re1 f5 12. exf5 gxf5 13. dxe5 dxe5 14. Qd2 e4 15. Nd4 Qf7 16. b3 Ne5 17. Rad1 Nf6 18. Rf1 Qh5 19. Nce2 a5 20. Nf4 Qe8 21. Nde2 a4 22. Nc3 axb3 23. axb3 Kh8 24. Na4 Nxc4 25. bxc4 Rxa4 26. Qc2 Ra8 27. Rd6 Qe5 28. Rd2 Ra1 29. Rxa1 Qxa1+ 30. Kh2 Qe5 31. Qd1 Qe7 32. Rd6 Ne8 33. Rd2 Nf6 34. Qa4 Be6 35. Bc5 Qxc5 36. Nxe6 Qe5 37. Nxf8 Bxf8 38. Qa8 Kg8 39. Rd8 Qe7 40. Rb8 Qd6 41. Rxb7 e3 42. fxe3 Nh5 43. Qb8 Qg6 44. Rd7 f4 45. g4 Qe6 46. Rd8 1-0

[Event "CRI-ch 67th"]
[Site "Cenfotec"]
[Date "2003.06.16"]
[Round "4"]
[White "Granados, Carlos"]
[Black "Gonzalez Acosta, Bernal Manuel"]
[Result "0-1"]
[WhiteElo "2253"]
[BlackElo "2420"]
[PlyCount "103"]
[EventDate "2003.06.13"]
[EventType "swiss"]
[EventRounds "11"]
[EventCountry "CRI"]
[SourceTitle "CBM 094 Extra"]
[Source "ChessBase"]
[SourceDate "2003.07.09"]
[SourceVersion "2"]
[SourceVersionDate "2003.07.09"]
[SourceQuality "1"]

1. e4 c5 2. c3 Nf6 3. e5 Nd5 4. d4 cxd4 5. Nf3 Nc6 6. Bc4 Nb6 7. Bb3 d5 8. exd6 Qxd6 9. 0-0 Be6 10. Na3 Bxb3 11. Qxb3 e6 12. Nb5 Qd7 13. Nbxd4 Nxd4 14. Nxd4 Bc5 15. Rd1 0-0 16. Bg5 e5 17. Nf3 Qf5 18. Bh4 e4 19. Nd4 Qh5 20. Bg3 Rad8 21. Qc2 Bxd4 22. Rxd4 Rxd4 23. cxd4 Qd5 24. Re1 Rc8 25. Qe2 Qxd4 26. h3 f5 27. Rd1 Qc4 28. Qxc4+ Rxc4 29. Rd8+ Kf7 30. Rb8 g5 31. Rxb7+ Ke6 32. Bb8 Nc8 33. Rc7 Rxc7 34. Bxc7 h6 35. Kf1 Ne7 36. Ke2 Nc6 37. f3 f4 38. fxe4 Kd7 39. Bxf4 gxf4 40. Kf3 Nb4 41. Kxf4 Nxa2 42. Kf5 Nb4 43. g4 Nd3 44. b3 a5 45. h4 Nc5 46. g5 hxg5 47. hxg5 Nxb3 48. g6 Ke7 49. e5 a4 50. e6 Nd4+ 51. Ke5 Nxe6 52. g7 0-1

[Event "CRI-ch"]
[Site "San Jose"]
[Date "2002.??.??"]
[Round "7"]
[White "Granados, Carlos"]
[Black "Valdes Romero, Leonardo"]
[Result "0-1"]
[WhiteElo "2239"]
[BlackElo "2285"]
[PlyCount "72"]
[EventDate "2002.06.??"]
[EventType "swiss"]
[EventRounds "11"]
[EventCountry "CRI"]
[SourceTitle "EXT 2007"]
[Source "ChessBase"]
[SourceDate "2006.11.23"]
[SourceVersion "1"]
[SourceVersionDate "2006.11.23"]
[SourceQuality "1"]

1. d4 Nf6 2. c4 g6 3. Nc3 Bg7 4. e4 d6 5. f3 0-0 6. Bg5 c5 7. d5 e6 8. Qd2 exd5 9. cxd5 a6 10. a4 Nbd7 11. Nh3 h6 12. Be3 Nh7 13. Nf2 h5 14. Be2 Ne5 15. 0-0 f5 16. h3 h4 17. Rad1 Qa5 18. Ra1 Bd7 19. Rfc1 Rae8 20. Ra3 Rb8 21. Rd1 Qd8 22. Rf1 b5 23. axb5 axb5 24. Ra6 Nf7 25. Rfa1 Re8 26. Ra7 Nf8 27. R1a6 b4 28. Ncd1 Bc8 29. Ra5 Re7 30. b3 Nh7 31. Rxe7 Qxe7 32. Nb2 g5 33. exf5 Bxb2 34. f6 Bxf6 35. Qd3 Ne5 36. Qe4 Nf8 0-1

[Event "CRI-ch"]
[Site "San Jose"]
[Date "2002.??.??"]
[Round "11"]
[White "Jimenez Molina, Juan Leon"]
[Black "Granados, Carlos"]
[Result "0-1"]
[WhiteElo "2207"]
[BlackElo "2239"]
[PlyCount "118"]
[EventDate "2002.06.??"]
[EventType "swiss"]
[EventRounds "11"]
[EventCountry "CRI"]
[SourceTitle "EXT 2007"]
[Source "ChessBase"]
[SourceDate "2006.11.23"]
[SourceVersion "1"]
[SourceVersionDate "2006.11.23"]
[SourceQuality "1"]

1. c4 Nf6 2. g3 g6 3. Bg2 Bg7 4. Nc3 0-0 5. b3 d6 6. Bb2 e5 7. d3 c6 8. e3 a5 9. Nge2 h5 10. Qd2 Re8 11. 0-0 Nbd7 12. Rac1 Nf8 13. Ne4 N8h7 14. N2c3 Ng4 15. c5 dxc5 16. Nxc5 h4 17. h3 Ngf6 18. g4 Ng5 19. f3 Ne6 20. Nxe6 Bxe6 21. Rcd1 Qe7 22. Kh1 Red8 23. Qf2 Qb4 24. Ba1 Qc5 25. Rfe1 b5 26. Qxh4 a4 27. g5 Nh5 28. b4 Qe7 29. a3 Bb3 30. Rd2 f5 31. gxf6 Bxf6 32. Qg4 Kh7 33. f4 exf4 34. e4 Bh4 35. Rg1 Be6 36. Qf3 Bg3 37. Ne2 Qh4 38. Nxg3 fxg3 39. Rf1 Bxh3 40. Bxh3 Qxh3+ 41. Kg1 Rf8 42. Qxf8 Rxf8 43. Rxf8 Kh6 44. Bd4 Qg4 45. Be3+ Kg7 46. Rf1 g5 47. Rf5 Nf4 48. Rc5 Nh3+ 49. Kg2 Nf4+ 50. Kg1 Qf3 51. Rxg5+ Kh6 52. Bxf4 Qxf4 53. Rxg3 Qxg3+ 54. Kf1 Qf3+ 55. Ke1 Qe3+ 56. Kd1 Kg5 57. Kc2 Kf4 58. Rh2 c5 59. Rh4+ Kg5 0-1

[Event "CRI-ch"]
[Site "San Jose"]
[Date "2001.06.29"]
[Round "4"]
[White "Granados, Carlos"]
[Black "Murillo Tsijli, Alexis"]
[Result "0-1"]
[WhiteElo "2239"]
[BlackElo "2374"]
[PlyCount "96"]
[EventDate "2001.05.26"]
[EventType "swiss"]
[EventRounds "13"]
[EventCountry "CRI"]
[SourceTitle "CBM 082 Extra"]
[Source "ChessBase"]
[SourceDate "2001.07.03"]
[SourceVersion "1"]
[SourceVersionDate "2001.07.03"]
[SourceQuality "1"]

1. d4 e6 2. Nf3 d5 3. c4 c6 4. e3 f5 5. Qc2 Nf6 6. Nc3 Be7 7. Be2 0-0 8. h3 Ne4 9. Bd2 Nd7 10. Rf1 b6 11. 0-0-0 Bb7 12. Nxe4 fxe4 13. Ne5 Nxe5 14. dxe5 Bc5 15. Bc3 Qe7 16. Kb1 Rf7 17. Bh5 g6 18. Bg4 a5 19. cxd5 cxd5 20. Be2 Raf8 21. Bb5 Qh4 22. Qb3 Qg5 23. h4 Qxh4 24. Qa4 Qe7 25. Qc2 Qc7 26. Rc1 Bc6 27. Qe2 Bxb5 28. Qxb5 Qe7 29. Bxa5 Bxe3 30. fxe3 Rxf1 31. Rxf1 bxa5 32. Rc1 Qg5 33. Qxa5 Qxe3 34. Qa6 Qf2 35. Qxe6+ Qf7 36. Qc6 Re8 37. Qa6 Rxe5 38. Rc8+ Re8 39. Rc1 d4 40. Qd6 d3 41. g4 Qe6 42. Qd4 Qe5 43. Qd7 Re7 44. Rc8+ Kg7 45. Qd8 Kh6 46. Ra8 Qc7 47. Qf8+ Kg5 48. Rc8 Rf7 0-1

[Event "CRI-ch"]
[Site "San Jose"]
[Date "2001.06.28"]
[Round "3"]
[White "Jimenez Molina, Juan Leon"]
[Black "Granados, Carlos"]
[Result "1/2-1/2"]
[WhiteElo "2222"]
[BlackElo "2239"]
[PlyCount "33"]
[EventDate "2001.05.26"]
[EventType "swiss"]
[EventRounds "13"]
[EventCountry "CRI"]
[SourceTitle "CBM 082 Extra"]
[Source "ChessBase"]
[SourceDate "2001.07.03"]
[SourceVersion "1"]
[SourceVersionDate "2001.07.03"]
[SourceQuality "1"]

1. e4 e5 2. Nf3 Nc6 3. Bb5 Nf6 4. 0-0 Nxe4 5. d4 Nd6 6. Bxc6 dxc6 7. dxe5 Nf5 8. Qxd8+ Kxd8 9. Rd1+ Ke8 10. b3 h6 11. Bb2 Bd7 12. h3 Ne7 13. Nc3 c5 14. Ne4 b6 15. c4 Be6 16. Rd2 Nc6 17. Rad1 1/2-1/2